00435nam a22001097a 4500999001900000082001800019100003800037245010400075260002500179300001000204952011100214 c515297d515297 aTNC Q31x5 M88 aMukhopadhyay, Swapna (ed.)920656 aThe poor in asia:bProductivity - raising programmes and strategies ceditor by Swapna Mukhopadhyay aMalaysiabAPDCc1985 a772p. 00102ddc406TNC_Q31X5_M8870aIIPAbIIPAd2021-01-21oTNC Q31x5 M88pGR22462r2021-01-21w2021-01-21yGR